000 00456nam a2200157Ia 4500
005 20250424120308.0
008 250424s9999 xx 000 0 und d
022 _a09310509
050 _aRC 918.R4 .N47/
245 0 _aNDT: nephrology dialysis transplantation
260 _bBlackwell publishing
260 _c2008
300 _aiii, 151- 4241 p. : ill. ; 25- 28 cm.
650 _aNephrology--Periodicals. Kidneys--Diseases--Periodicals
942 _cSR
999 _c38504
_d38504